| 000 | 01481cam a2200361 i 4500 | ||
|---|---|---|---|
| 999 |
_c3843 _d3843 |
||
| 001 | .b21682604 | ||
| 003 | OSt | ||
| 005 | 20241111120950.0 | ||
| 008 | 160412s2007 nyu 000 1 eng d | ||
| 020 |
_a9781423101482 _q(paperback) |
||
| 040 |
_aTWFJU _beng _erda _cTWFJU _dKH8 |
||
| 042 | _anbic | ||
| 082 | 0 | _aFIC RIO | |
| 100 | 1 |
_aRiordan, Rick, _eauthor. |
|
| 245 | 1 | 4 |
_aThe Titan's curse / _cRick Riordan. |
| 260 | _c2007. | ||
| 264 | 1 |
_aNew York : _bDisney/Hyperion, _c2007. |
|
| 300 |
_a312 pages ; _c20 cm. |
||
| 336 |
_atext _2rdacontent. |
||
| 337 |
_aunmediated _2rdamedia. |
||
| 338 |
_avolume _2rdacarrier. |
||
| 490 | 1 |
_aPercy Jackson and the Olympians ; _v3. |
|
| 520 | _aWhen the goddess Artemis disappears while hunting a rare, ancient monster, a group of her followers joins Percy and his friends in an attempt to find and rescue her before the winter solstice, when her influence is needed to sway the Olympian Council regarding the war with the Titans. | ||
| 650 | 0 |
_aArtemis (Greek deity) _vJuvenile fiction. |
|
| 650 | 0 |
_aMythology, Greek _vJuvenile fiction. |
|
| 650 | 0 |
_aAnimals, Mythical _vJuvenile fiction. |
|
| 650 | 0 |
_aMonsters _vJuvenile fiction. |
|
| 650 | 0 |
_aTitans (Mythology) _vJuvenile fiction. |
|
| 655 | 7 |
_2gsafd _aFantasy fiction. |
|
| 800 | 1 |
_aRiordan, Rick. _tPercy Jackson & the Olympians (2010) ; _vbk. 3. |
|
| 856 | 4 | 2 |
_3Publisher description _uhttp://catdir.loc.gov/catdir/enhancements/fy0912/2006035731-d.html |
| 942 |
_2ddc _cFIC |
||